00000000nam##2200000za#4500
0019.662508
003CaOODSP
00520210615120607
007ta
008150407|2001||||xxc|||||     f|0| 0 fre|d
020 |a0-662-65480-3
040 |aCaOODSP|bfre
041 |aeng
041 |afre
043 |an-cn---
0861 |aCP32-74/2001
1101 |aCanada.|bConseil privé.
24513|aLa collectivité canadienne de la sécurité et du renseignement : |bpréserver la sécurité du Canada et des Canadiens
260 |aOttawa - Ontario : |bConseil privé |c2001.
300 |aTexte français, ii, 26p. : |c24 cm.
500 |aDonnées de catalogage avant publication (Canada) imprimées dans cette publication.
504 |aBibliographie.
546 |aBilingue
563 |aCouverture souple
590 |a01-17|b2001-04-27
69107|aRenseignement de sécurité|2gcpds
69107|aSécurité nationale|2gcpds
7760#|tLa collectivité canadienne de la sécurité et du renseignement |w(CaOODSP)9.639896
7760#|tThe Canadian security and intelligence community |w(CaOODSP)9.695774
791 |tThe Canadian security and intelligence community : |eeng|w(CaOODSP)9.662507